|
|
|
|
| LEADER |
00885nam a22002417a 4500 |
| 001 |
1595 |
| 003 |
BD-DhAAL |
| 005 |
20150110153641.0 |
| 008 |
150110s1978 ilu||||| |||| 00| 0 eng d |
| 020 |
|
|
|a 0256021007
|
| 040 |
|
|
|a BD-DhAAL
|c BD-DhAAL
|
| 082 |
|
|
|2 22
|a 306.095492
|
| 100 |
|
|
|a Barnouw, Victor
|9 7306
|
| 245 |
|
|
|a Programmed learning aid for cultural anthropology /
|c Victor Barnouw
|
| 260 |
|
|
|a Homewood, Ill. :
|b Learning Systems Co.,
|c 1972.
|
| 300 |
|
|
|a xi, 87 pages ;
|c 26 cm.
|
| 490 |
|
|
|a Irwin programmed learning aid series
|
| 541 |
|
|
|e 1595
|
| 650 |
|
|
|a Culture
|x Programmed instruction.
|9 7307
|
| 852 |
|
|
|a Ayesha Abed Libray
|
| 942 |
|
|
|2 ddc
|c BK
|
| 999 |
|
|
|c 33447
|d 33447
|
| 952 |
|
|
|0 0
|1 0
|2 ddc
|4 0
|6 306_095492000000000_BAR
|7 0
|9 44708
|a BRACUL
|b BRACUL
|c GEN
|d 2015-01-10
|g 0.00
|l 1
|m 2
|o 306.095492 BAR
|p 3010001595
|r 2019-11-06
|s 2019-10-22
|t 1
|w 2015-01-10
|y BK
|z Not price in Register
|